[Event "POL-chT 2nd League"]
[Site "Wysowa"]
[Date "2007.09.06"]
[Round "4"]
[White "Bardeli, Lukasz"]
[Black "Dlugosz, Jedrzej"]
[Result "1-0"]
[WhiteElo "2320"]
[BlackElo "2316"]
[PlyCount "91"]
[EventDate "2007.09.03"]
[EventType "team-swiss"]
[EventRounds "9"]
[EventCountry "POL"]
[SourceTitle "EXT 2010"]
[Source "ChessBase"]
[SourceDate "2010.11.25"]
[SourceVersion "1"]
[SourceVersionDate "2010.11.25"]
[SourceQuality "1"]
[WhiteTeam "Gniezno LKS Chrobry"]
[BlackTeam "Gdanski Drapol Jantar Pruszcz"]
[WhiteTeamCountry "POL"]
[BlackTeamCountry "POL"]

1. d4 Nf6 2. c4 g6 3. Nc3 Bg7 4. e4 d6 5. Be2 0-0 6. Bg5 c5 7. d5 e6 8. Nf3 h6 9. Bh4 e5 10. Nd2 Qe8 11. a3 h5 12. b4 Na6 13. Rb1 Nh7 14. f3 Bh6 15. Bf2 b6 16. Bd3 Bd7 17. h4 Qe7 18. Bc2 Rfc8 19. Qe2 Nf6 20. Nf1 Be8 21. Ne3 Qc7 22. Bd3 Qe7 23. Rg1 Kh7 24. g4 Bg7 25. Kd2 Bd7 26. Nf1 Rh8 27. Be3 Kg8 28. Bg5 Qf8 29. Rb2 Nc7 30. bxc5 bxc5 31. Ng3 Qc8 32. Bc2 Qa6 33. Rgb1 Nfe8 34. Na2 Rc8 35. Be3 Na8 36. Bf2 Nb6 37. Nc3 Bf6 38. g5 Bg7 39. Kd1 Nc7 40. Be1 Kh7 41. Bd3 Na4 42. Nxa4 Bxa4+ 43. Bc2 Ne8 44. Bxa4 Qxa4+ 45. Qc2 Qxa3 46. Bc3 1-0

[Event "POL-chT 2nd League"]
[Site "Wysowa"]
[Date "2007.09.03"]
[Round "1"]
[White "Dlugosz, Jedrzej"]
[Black "Olenderek, Tomasz"]
[Result "1-0"]
[WhiteElo "2316"]
[BlackElo "2141"]
[PlyCount "124"]
[EventDate "2007.09.03"]
[EventType "team-swiss"]
[EventRounds "9"]
[EventCountry "POL"]
[SourceTitle "EXT 2010"]
[Source "ChessBase"]
[SourceDate "2010.11.25"]
[SourceVersion "1"]
[SourceVersionDate "2010.11.25"]
[SourceQuality "1"]
[WhiteTeam "Gdanski Drapol Jantar Pruszcz"]
[BlackTeam "Warszawa YMCA"]
[WhiteTeamCountry "POL"]
[BlackTeamCountry "POL"]

1. e4 e5 2. Nf3 d6 3. Bc4 Be7 4. d4 exd4 5. Nxd4 Nf6 6. Nc3 0-0 7. Bb3 Na6 8. 0-0 Nc5 9. Re1 c6 10. f3 Re8 11. Bf4 Qb6 12. Kh1 Bd7 13. Qd2 Rad8 14. Rad1 Bc8 15. Bg5 Qc7 16. Bf4 Qb6 17. Be3 Qc7 18. Bf2 Bf8 19. Re2 Nxb3 20. axb3 d5 21. exd5 Rxe2 22. Ndxe2 Nxd5 23. Nf4 Be6 24. Nxe6 fxe6 25. Ne4 Be7 26. Qe1 a6 27. g3 Qe5 28. c3 Qf5 29. Qe2 Rf8 30. Rd3 Rd8 31. Bc5 Re8 32. Bxe7 Rxe7 33. c4 h6 34. Nd6 Qf6 35. Nc8 Re8 36. cxd5 Rxc8 37. Qxe6+ Qxe6 38. dxe6 Re8 39. Rd6 Kf8 40. f4 Ke7 41. Rd7+ Kxe6 42. Rxg7 Kf5 43. Kg2 Re2+ 44. Kh3 b5 45. Rc7 Rc2 46. b4 h5 47. Ra7 Rxb2 48. Rxa6 Rc2 49. Ra8 Ke6 50. Re8+ Kf6 51. Re5 Kg6 52. Re6+ Kg7 53. Rd6 Kh7 54. Kh4 Rxh2+ 55. Kg5 Rg2 56. Rd7+ Kg8 57. Rd3 Rb2 58. Kxh5 Rxb4 59. f5 Kf7 60. g4 c5 61. g5 Rd4 62. Ra3 Rd7 1-0

[Event "Taby Scandinavian op"]
[Site "Taby"]
[Date "2007.08.08"]
[Round "7"]
[White "Algars, Olle"]
[Black "Dlugosz, Jedrzej"]
[Result "0-1"]
[WhiteElo "2094"]
[BlackElo "2316"]
[PlyCount "64"]
[EventDate "2007.08.04"]
[EventType "swiss"]
[EventRounds "9"]
[EventCountry "SWE"]
[SourceTitle "CBM 119 Extra"]
[Source "ChessBase"]
[SourceDate "2007.09.04"]
[SourceVersion "1"]
[SourceVersionDate "2007.09.04"]
[SourceQuality "1"]

1. e4 g6 2. d4 Bg7 3. Nc3 d6 4. f4 Nc6 5. Be3 d5 6. e5 a6 7. Nf3 h5 8. g3 Nh6 9. h3 Bf5 10. a3 Qd7 11. Qe2 Be4 12. 0-0-0 Bf5 13. Bg2 Na5 14. Nd2 Be6 15. b4 Nc6 16. Nb3 b6 17. Qf3 Rd8 18. Bf2 Na7 19. Bf1 Nb5 20. Kb2 0-0 21. Qe2 Nxc3 22. Kxc3 Bf5 23. Kb2 Ra8 24. Bg2 a5 25. bxa5 Rfb8 26. Ka2 e6 27. Be1 Bf8 28. Bc3 Qa4 29. Bb2 c5 30. Qd2 c4 31. Na1 Rxa5 32. Nb3 Bxa3 0-1

[Event "POL Academic Cup 2nd"]
[Site "Wroclaw"]
[Date "2007.05.04"]
[Round "9"]
[White "Poznanska, Katarzyna"]
[Black "Dlugosz, Jedrzej"]
[Result "0-1"]
[WhiteElo "2080"]
[BlackElo "2338"]
[PlyCount "52"]
[EventDate "2007.04.28"]
[EventType "swiss"]
[EventRounds "9"]
[EventCountry "POL"]
[SourceTitle "EXT 2011"]
[Source "ChessBase"]
[SourceDate "2010.11.26"]
[SourceVersion "1"]
[SourceVersionDate "2010.11.26"]
[SourceQuality "1"]

1. e4 g6 2. d4 Bg7 3. f4 c5 4. d5 d6 5. c4 Nf6 6. Nc3 0-0 7. Nf3 e6 8. Bd3 exd5 9. cxd5 Re8 10. 0-0 a6 11. a4 Nbd7 12. Re1 Qc7 13. Qe2 Nb6 14. a5 Nbxd5 15. Nxd5 Nxd5 16. Bc4 Nb4 17. Qd1 Bg4 18. Qb3 Bxf3 19. gxf3 Nc6 20. Bd2 Nd4 21. Qd3 Qd7 22. Bc3 Qh3 23. Rf1 Qh4 24. Qd2 Bh6 25. Bxd4 cxd4 26. Qxd4 Bxf4 0-1